| 000 | 00405 a2200133 4500 | ||
|---|---|---|---|
| 001 | 91178 | ||
| 082 | _aPR 1097 | ||
| 090 |
_c43251 _d43251 |
||
| 100 | _aMahmood; Prof S .K .N Zaidi and Mr. Irfan (Advisors) | ||
| 245 |
_aDesign and Fabrication of Vacuum Distillation equipment for IP-4 Recovery _h36 "A" EC |
||
| 260 |
_aKarachi _bNED University _c1992 |
||
| 300 | _axv;88p | ||
| 500 | _aBE Project Reports | ||
| 942 |
_aCAE NUST _kPR 1097 |
||
| 999 |
_c326251 _d326251 |
||